| 000 | 00730cas a22002413 4500 | ||
|---|---|---|---|
| 999 |
_c9669 _d9669 |
||
| 001 | 9669 | ||
| 003 | BD-JhCC | ||
| 005 | 20180326121332.0 | ||
| 008 | 180321d18971984enkar p 0 0eng | ||
| 035 | _a(BD-JhCC)9669 | ||
| 040 |
_aDLC _cCarP _dDLC _dBD-JhCC |
||
| 041 | _aeng | ||
| 050 | 0 | 0 |
_aAY756 _b.P4 |
| 082 |
_bPEA 1984 _a032.02 |
||
| 245 | 0 | 0 |
_aPears cyclopaedia : 1984-85 : _b a book of background information and reference for everyday use / _cedited by Christopher Cook |
| 250 | _a93 | ||
| 260 |
_aIsleworth : _bA. & F. Pears, _c1974. |
||
| 300 |
_av. p. : _bcol. maps. _c21 cm. |
||
| 650 | 0 | _aEncyclopedias and dictionaries. | |
| 700 | _aCook Christopher | ||
| 942 |
_2ddc _cBK |
||